Diamantové vrstvy ako MEMS senzory

Salvato in:
Dettagli Bibliografici
Autore principale: Jančo, Marek (Autore)
Altri autori: Vojs, Marian (Relatore della tesi)
Natura: Manoscritto Libro
Lingua:slovacco
Pubblicazione: 2016
Soggetti:
Accesso online:http://is.stuba.sk/zp/portal_zp.pl?podrobnosti=130860
Tags: Aggiungi Tag
Nessun Tag, puoi essere il primo ad aggiungerne!!

MARC

LEADER 00000ntm a22000003a 4500
001 stuzp54998
003 SK-STU
005 20160721115648.9
007 ta
008 150427s2015----xo-----f-mn---000-0-slo-d
040 |a STU  |b slo 
041 0 |a slo 
044 |a xo 
100 1 |a Jančo, Marek  |u 033000  |k Z4  |4 aut  |U FEI Fakulta elektrotechniky a informatiky  |T FEI Ústav elektroniky a fotoniky  |X 8505  |U E030  |Y 549  |7 A000008505 
242 0 1 |a Diamond layers as a MEMS sensors  |y eng 
245 1 0 |a Diamantové vrstvy ako MEMS senzory 
260 |c 2016 
300 |a 56 s.,  |b CD-ROM 
650 4 |a nosníky  |2 slo 
650 4 |a NCD  |2 slo 
650 4 |a senzor  |2 slo 
650 4 |a diamant  |2 slo 
650 4 |a MEMS  |2 slo 
650 4 |a BDD  |2 slo 
650 4 |a sensor  |2 eng 
650 4 |a NCD  |2 eng 
650 4 |a BDD  |2 eng 
650 4 |a diamond  |2 eng 
650 4 |a MEMS  |2 eng 
650 4 |a cantilevers  |2 eng 
700 1 |a Vojs, Marian  |u 033000  |k Z2  |4 ths  |U FEI Fakulta elektrotechniky a informatiky  |T FEI Ústav elektroniky a fotoniky  |X 2979  |U E030  |Y 549  |7 A000002979 
856 4 |u http://is.stuba.sk/zp/portal_zp.pl?podrobnosti=130860 
996 |b 284EP11351  |c E*DIPL- 11351  |l EE33  |s P  |a 0  |w stuzp54998_0001 
SQL |a stuzp54998  |b DDP  |c SLO  |d Diamantové vrstvy ako MEMS senzory  |e 8505  |f Jančo, Marek  |g 033000  |h 2979  |i Vojs, Marian  |j 20160614  |k 1172  |l 03  |m http://is.stuba.sk/zp/portal_zp.pl?podrobnosti=130860  |n I-EN  |o 5.2.13. elektronika